000 02549nam0a2200457 4500
001 RU\NLR\bibl\1807677
005 20260405074805.0
010 _a978-5-7695-8004-8
_bв пер.
_91500
021 _aRU
_b2011-57149
_94048
035 _a(nilc)LIBNET\0000155303
035 _a(NLR Aleph) 001798317
090 _a1787620
_c1787620
100 _a20110812d2011 |||y0rusy50 ca
101 0 _arus
_aeng
102 _aRU
105 _aa |||||||||
200 1 _aАнглийский язык для направлений "Сервис" и "Туризм"
_dEnglish for students of hospitality and tourism industries
_eучебник для студентов учреждений высшего профессионального образования
_fН. Н. Михайлов
_zeng
205 _a5-е изд., стер.
210 _aМосква
_cАкадемия
_d2011
215 _a158, [1] с.
_cил.
_d22
225 1 _aВысшее профессиональное образование
_iСервис и туризм
225 1 _aБакалавриат
225 1 _aУчебник
300 _aАвт. также на англ. яз.: N.N. Mikhailov
510 1 _6z11790
_aEnglish for students of hospitality and tourism industries
_zeng
606 1 _aАнглийский язык
_xУчебные издания для специалистов в области туризма
_92400125
_3RU\NLR\auth\661430737
606 1 _aАнглийский язык
_xУчебные издания для специалистов в области гостиничного бизнеса
_92524853
_3RU\NLR\auth\661495881
606 1 _aАнглийский язык
_xУчебные издания для специалистов в области ресторанного бизнеса
_92431723
_3RU\NLR\auth\661447335
686 _a81.43.21-923
_vLBC/RL
_2rubbk
686 _aШ143.21-93рус329.53
686 _aШ143.21-93рус31
700 1 _4070
_7ca
_8rus
_aМихайлов
_bН. Н.
_cканд. филол. наук, англ. язык
_f1939-2006
_gНиколай Николаевич
_99544
_3RU\NLR\AUTH\7726505
790 1 _4070
_8rus
_7ba
_aMichajlov
_bN. N.
_f1939-2006
_cканд. филол. наук, англ. язык
_gNikolaj Nikolaevič
_3RU\NLR\AUTH\7726506
_99545
801 0 _aRU
_bСмоленская ОУБ
_c20110812
_grcr
801 1 _aRU
_bСмоленская ОУБ
_c20110812
_grcr
_2rusmarc
801 2 _aRU
_bNLR
_c20110908
_grcr
942 _cBOOK
980 _aNB
980 _aNBR